| 000 | 01073nam a22003137a 4500 | ||
|---|---|---|---|
| 003 | EG-ScBUE | ||
| 005 | 20220622115753.0 | ||
| 008 | 110602s2008 enk f 000 f eng d | ||
| 020 | _a140588276X | ||
| 020 | _a9781405882767 | ||
| 040 |
_aEG-ScBUE _beng _erda _cEG-ScBUE _dEG-ScBUE |
||
| 082 | 0 | 4 |
_222 _a823.8 _bCOL |
| 100 | 1 |
_924565 _aCollins, Wilkie, _d1824-1889, _eauthor. |
|
| 245 | 1 | 4 |
_aThe woman in white / _cWilkie Collins ; retold by Anne Collins. |
| 264 | 1 |
_aHarlow, England : _bPearson Education Limited, _c2008. |
|
| 300 |
_a95 pages ; _c20 cm. |
||
| 336 |
_2rdacontent _atext _btxt |
||
| 337 |
_2rdamedia _aunmediated _bn |
||
| 338 |
_2rdacarrier _avolume _bnc |
||
| 490 | 0 |
_aPenguin readers ; _vlevel 6 |
|
| 521 | _aC1: Advanced | ||
| 650 | 7 |
_924032 _aPsychiatric hospital patients _vFiction. _2BUEsh |
|
| 650 | 7 |
_924600 _aInheritance and succession _vFiction. _2BUEsh |
|
| 650 | 7 |
_aCountry homes _vFiction. _2BUEsh |
|
| 653 |
_cJune2011 _bHHUUEENN |
||
| 655 |
_vReading book _934232 |
||
| 700 | 1 |
_912524 _aAbrams, Anne Collins, _econtributor. |
|
| 942 |
_2ddc _cBB |
||
| 999 |
_c15523 _d15523 |
||